000 00689nam a2200289Ia 4500
005 20260324144312.0
008 008 260324s9999 xx 000 0 eng d
020 _a9780203776421
037 _aEBOOK
040 _aCRL
040 _beng
040 _cCRL
041 _2eng
041 _aeng
084 _qCRL
100 _aJeffrey K. Zeig; Stephen R. Lankton
_91218813
245 0 _aDeveloping Ericksonian Therapy
245 2 _bA State Of The Art
260 _bTaylor and Francis
260 _c1988
365 _a
365 _b220
856 _uhttp://www.taylorfrancis.com/books/9780203776421
942 _cEBOOK
999 _c1825275
_d1825275